Microsoft Excel 2013 для чайников: пер. с англ.

Détails bibliographiques
Auteur principal: Харвей Г. Грег
Résumé:С помощью книги Excel 2013 для чайников Вы быстро и легко разберетесь, как создавать и редактировать рабочие листы, форматировать ячейки, использовать формулы, добавлять гиперссылки, сохранять рабочие таблицы в виде веб-страниц и выполнять множество других полезных операций в новейшей версии программы электронных таблиц - Microsoft Office Excel 2013 Вы ведь не планируете посвятить всю жизнь изучению Excel? Вам нужно лишь разобраться с основами и начать создавать электронные таблицы. Прочитайте полностью обновленное руководство по Excel 2013, и вы научитесь применять эту программу для решения большинства вычислительных задач. Создавайте, редактируйте и печатайте рабочие листы, выбирайте различные представления данных и выполняйте множество других операций с электронными таблицами. Освойте экран Excel. Познакомьтесь с лентой, панелью быстрого доступа, строкой формул и другими компонентами экрана Excel. Изучите формулы и функции. Узнайте, что собой представляют формулы и функции и как с ними работать. Соблюдайте правила редактирования ячеек. Ознакомьтесь с различными способами выделения и форматирования ячеек, а также числовыми форматами и настройками шрифтов. Листы и книги. Узнайте, чем отличаются листы от книг, и научитесь упорядочивать данные на них. Управляйте файлами. Научитесь сохранять и восстанавливать данные. Обработка данных. Создавайте таблицы данных и сценарии, позволяющие выполнять анализ "что, если". Графическая интерпретация данных. Превратите таблицы данных в удобные и наглядные диаграммы. Основные темы книги Excel 2013 для чайников: использование мгновенного заполнения для копирования элементов; инструменты быстрого анализа; установка приложений Office; предварительный просмотр форматов рекомендуемых диаграмм; использование рекомендуемых сводных таблиц; загрузка и форматирование изображений на рабочем листе; получение внешних данных для электронных таблиц; анализ данных.
Langue:russe
Publié: Москва, Диалектика, 2016
Sujets:
Format: Livre
KOHA link:https://koha.lib.tpu.ru/cgi-bin/koha/opac-detail.pl?biblionumber=317741

MARC

LEADER 00000nam0a2200000 4500
001 317741
005 20231102003015.0
010 |a 9785845920577 
035 |a (RuTPU)RU\TPU\book\343209 
090 |a 317741 
100 |a 20160413d2016 km y0rusy50 ca 
101 1 |a rus  |c eng 
102 |a RU 
105 |a a z 001zy 
200 1 |a Microsoft Excel 2013 для чайников  |e пер. с англ.  |f Г. Харвей 
210 |a Москва  |c Диалектика  |d 2016 
215 |a 359 с.  |c ил. 
320 |a Предм. указ.: с. 357-359 
330 |a С помощью книги Excel 2013 для чайников Вы быстро и легко разберетесь, как создавать и редактировать рабочие листы, форматировать ячейки, использовать формулы, добавлять гиперссылки, сохранять рабочие таблицы в виде веб-страниц и выполнять множество других полезных операций в новейшей версии программы электронных таблиц - Microsoft Office Excel 2013 Вы ведь не планируете посвятить всю жизнь изучению Excel? Вам нужно лишь разобраться с основами и начать создавать электронные таблицы. Прочитайте полностью обновленное руководство по Excel 2013, и вы научитесь применять эту программу для решения большинства вычислительных задач. Создавайте, редактируйте и печатайте рабочие листы, выбирайте различные представления данных и выполняйте множество других операций с электронными таблицами. Освойте экран Excel. Познакомьтесь с лентой, панелью быстрого доступа, строкой формул и другими компонентами экрана Excel. Изучите формулы и функции. Узнайте, что собой представляют формулы и функции и как с ними работать. Соблюдайте правила редактирования ячеек. Ознакомьтесь с различными способами выделения и форматирования ячеек, а также числовыми форматами и настройками шрифтов. Листы и книги. Узнайте, чем отличаются листы от книг, и научитесь упорядочивать данные на них. Управляйте файлами. Научитесь сохранять и восстанавливать данные. Обработка данных. Создавайте таблицы данных и сценарии, позволяющие выполнять анализ "что, если". Графическая интерпретация данных. Превратите таблицы данных в удобные и наглядные диаграммы. Основные темы книги Excel 2013 для чайников: использование мгновенного заполнения для копирования элементов; инструменты быстрого анализа; установка приложений Office; предварительный просмотр форматов рекомендуемых диаграмм; использование рекомендуемых сводных таблиц; загрузка и форматирование изображений на рабочем листе; получение внешних данных для электронных таблиц; анализ данных. 
606 1 |a Excel  |x Электронные таблицы  |2 stltpush  |3 (RuTPU)RU\TPU\subj\10314  |9 37402 
610 1 |a данные 
610 1 |a обработка 
610 1 |a анализ 
610 1 |a графическая интерпретация 
610 1 |a сохранение 
610 1 |a использование 
610 1 |a обмен 
610 1 |a Excel 2013 
675 |a 004.42  |v 4 
700 1 |a Харвей  |b Г.  |g Грег 
801 1 |a RU  |b 63413507  |c 20160413 
801 2 |a RU  |b 63413507  |c 20160708  |g RCR 
942 |c BK 
959 |a 32/20160331  |d 1  |e 0  |f ЧЗТЛ:1